• 首页
  • 本馆介绍
  • 公告通知
  • 最新文献
  • 馆藏检索
  • 电子资源
  • 读者导购
  • 参考咨询
  • 我的图书馆
  • 登录
  • 详细信息显示
  • 放入我的书架
  • 预约/预借图书
  • 作者相关作品
  • 分类相关作品
  • 丛书相关作品
  • 出版社相关作品

书目信息

  • 表格格式
  • 工作单格式
  • 卡片格式
题名:
邓伟志全集
    
 
作者: 邓伟志 , 邓伟志 著
分册: 三   散文卷
出版信息: 上海   上海大学出版社  2013
页数: 371页
开本: 23cm
丛书名:
单 册:
中图分类: Z427.6 , I267.1
科图分类:
主题词: 社会科学--文集 , 自然科学--文集 , 杂文集--中国--当代 , 社会科学 , 自然科学 , 杂文集
电子资源:
ISBN: 978-7-5671-0738-0
000 00825nam0 2200301 450
001 2336452201
005 20231130100813.94
010    @a978-7-5671-0738-0@b精装@dCNY78.00
100    @a20131114d2013 em y0chiy0120 ea
101 0  @achi
102    @aCN@b310000
105    @aa z 000cy
200 1  @a邓伟志全集@9deng wei zhi quan ji@h三@i散文卷@b专著@f邓伟志
210    @a上海@c上海大学出版社@d2013
215    @a371页@c彩照@d23cm
300    @a邓伟志全集 15
606 0  @a社会科学@j文集
606 0  @a自然科学@j文集
606 0  @a杂文集@y中国@z当代
606 0  @a社会科学
606 0  @a自然科学
606 0  @a杂文集
690    @aZ427.6@v5
690    @aI267.1@v5
701  0 @a邓伟志@9deng wei zhi@f(1938 )@4著
701  0 @a邓伟志@Adeng wei zhi
801  2 @aCN@b58marc.cn@c20150101
905    @aBZT@dZ427.6@e5:2:3
    
    邓伟志全集.三.散文卷/邓伟志.-上海:上海大学出版社,2013
    371页:彩照;23cm
    邓伟志全集 15
    
    ISBN 978-7-5671-0738-0(精装):CNY78.00
    
●
相关链接 在五车中查询图书 在当当中查询图书 在豆瓣中查询图书


正题名:邓伟志全集     索取号:Z427.6/5:2:3         预约/预借

序号 登录号 条形码 馆藏地/架位号 状态 备注
1 2001168713   2001168713   中教(第二批第二书库)/山东中教(第二批)/2063/ [索取号:Z427.6/5:2:3] 在馆    
2 2001168714   2001168714   中教(第二批第二书库)/山东中教(第二批)/2063/ [索取号:Z427.6/5:2:3] 在馆    
3 2001168715   2001168715   中教(第二批第二书库)/山东中教(第二批)/2063/ [索取号:Z427.6/5:2:3] 在馆    
4 2001168716   2001168716   中教(第二批第二书库)/山东中教(第二批)/2063/ [索取号:Z427.6/5:2:3] 在馆    
5 2001168717   2001168717   中教(第二批第二书库)/山东中教(第二批)/2063/ [索取号:Z427.6/5:2:3] 在馆    
6 2001168718   2001168718   中教(第二批第二书库)/山东中教(第二批)/2063/ [索取号:Z427.6/5:2:3] 在馆    
7 2001168719   2001168719   中教(第二批第二书库)/山东中教(第二批)/2063/ [索取号:Z427.6/5:2:3] 在馆    
8 2001168720   2001168720   中教(第二批第二书库)/山东中教(第二批)/2063/ [索取号:Z427.6/5:2:3] 在馆    
9 2001168721   2001168721   中教(第二批第二书库)/山东中教(第二批)/2063/ [索取号:Z427.6/5:2:3] 在馆    
10 2001168722   2001168722   中教(第二批第二书库)/山东中教(第二批)/2063/ [索取号:Z427.6/5:2:3] 在馆    
11 2001168723   2001168723   中教(第二批第二书库)/山东中教(第二批)/2063/ [索取号:Z427.6/5:2:3] 在馆    
12 2001168724   2001168724   中教(第二批第二书库)/山东中教(第二批)/2063/ [索取号:Z427.6/5:2:3] 在馆    
13 2001168725   2001168725   中教(第二批第二书库)/山东中教(第二批)/2063/ [索取号:Z427.6/5:2:3] 在馆    
14 2001168726   2001168726   中教(第二批第二书库)/山东中教(第二批)/2063/ [索取号:Z427.6/5:2:3] 在馆    
15 2001168727   2001168727   中教(第二批第二书库)/山东中教(第二批)/2063/ [索取号:Z427.6/5:2:3] 在馆    
16 2001168728   2001168728   中教(第二批第二书库)/山东中教(第二批)/2063/ [索取号:Z427.6/5:2:3] 在馆    
17 2001168729   2001168729   中教(第二批第二书库)/山东中教(第二批)/2063/ [索取号:Z427.6/5:2:3] 在馆    
18 2001168730   2001168730   中教(第二批第二书库)/山东中教(第二批)/2063/ [索取号:Z427.6/5:2:3] 在馆    
19 2001168731   2001168731   中教(第二批第二书库)/山东中教(第二批)/2063/ [索取号:Z427.6/5:2:3] 在馆    
20 2001168732   2001168732   中教(第二批第二书库)/山东中教(第二批)/2063/ [索取号:Z427.6/5:2:3] 在馆    
21 2001168733   2001168733   中教(第二批第二书库)/山东中教(第二批)/2063/ [索取号:Z427.6/5:2:3] 在馆    
22 2001168734   2001168734   中教(第二批第二书库)/山东中教(第二批)/2063/ [索取号:Z427.6/5:2:3] 在馆    
23 2001168735   2001168735   中教(第二批第二书库)/山东中教(第二批)/2063/ [索取号:Z427.6/5:2:3] 在馆    
24 2001168736   2001168736   中教(第二批第二书库)/山东中教(第二批)/2063/ [索取号:Z427.6/5:2:3] 在馆    
25 2001168737   2001168737   中教(第二批第二书库)/山东中教(第二批)/2063/ [索取号:Z427.6/5:2:3] 在馆    
26 2001168738   2001168738   中教(第二批第二书库)/山东中教(第二批)/2063/ [索取号:Z427.6/5:2:3] 在馆    
27 2001168739   2001168739   中教(第二批第二书库)/山东中教(第二批)/2063/ [索取号:Z427.6/5:2:3] 在馆    
28 2001168740   2001168740   中教(第二批第二书库)/山东中教(第二批)/2063/ [索取号:Z427.6/5:2:3] 在馆    
29 2001168741   2001168741   中教(第二批第二书库)/山东中教(第二批)/2063/ [索取号:Z427.6/5:2:3] 在馆    
山东省滨州职业学院图书馆 欢迎您!
大连网信软件有限公司© 版权所有